De l'arxiu a l'arxiver / M. Assumpta Rodon i Valls
Publicado:
Butlletí informatiu de l'Associació d'Arxivers de Catalunya, núm. 83 (gen. - març 2007), pàg. 4 :
Descripción Física:
il. ; 30 cm
MARC
| LEADER | 00000nam a2200000Ia 4500 | ||
|---|---|---|---|
| 001 | 19071 | ||
| 008 | 160829s9999 xx 000 0 cat d | ||
| 080 | |a Revistes | ||
| 100 | |a Rodon i Valls, Ma Assumpta |9 44867 | ||
| 245 | |a De l'arxiu a l'arxiver / M. Assumpta Rodon i Valls | ||
| 260 | |a Butlletí informatiu de l'Associació d'Arxivers de Catalunya, núm. 83 (gen. - març 2007), pàg. 4 | ||
| 300 | |a il. ; |c 30 cm | ||
| 650 | |a Arxivers |x Barcelona |9 44865 | ||
| 650 | |a Arxiu General del Govern Civil de Barcelona |9 44866 | ||
| 650 | |a Arxiu General de la Diputació de Barcelona | ||
| 901 | |a Arxiu | ||
| 942 | |n 1 | ||
| 952 | |0 0 |1 0 |4 0 |6 REVISTES |7 1 |9 52218 |a Arxiu |b Arxiu |d 2016-12-01 |l 0 |o Revistes |p 19071 |r 2016-12-01 00:00:00 |w 2016-12-01 |y ARXIU | ||
| 999 | |c 56066 |d 56066 | ||